Principles of environmental physics (Record no. 81867)

MARC details
000 -LEADER
fixed length control field 00639 a2200217 4500
005 - DATE AND TIME OF LATEST TRANSACTION
control field 20151216094600.0
008 - FIXED-LENGTH DATA ELEMENTS--GENERAL INFORMATION
fixed length control field 151215b xxu||||| |||| 00| 0 eng d
020 ## - INTERNATIONAL STANDARD BOOK NUMBER
International Standard Book Number 9780123869104
080 ## - UNIVERSAL DECIMAL CLASSIFICATION NUMBER
Universal Decimal Classification number 577.3
Item number MON
100 ## - MAIN ENTRY--PERSONAL NAME
Personal name Monteith, John L.
245 ## - TITLE STATEMENT
Title Principles of environmental physics
Remainder of title plants, animals, and the atmosphere
Statement of responsibility, etc John L. Monteith and Mike H.Unsworth
250 ## - EDITION STATEMENT
Edition statement 4th ed.
260 ## - PUBLICATION, DISTRIBUTION, ETC. (IMPRINT)
Date of publication, distribution, etc 2013
Name of publisher, distributor, etc Elsevier
Place of publication, distribution, etc New York
300 ## - PHYSICAL DESCRIPTION
Extent xix, 401p.
653 ## - INDEX TERM--UNCONTROLLED
Uncontrolled term Biophysics
653 ## - INDEX TERM--UNCONTROLLED
Uncontrolled term Micrometeorology
653 ## - INDEX TERM--UNCONTROLLED
Uncontrolled term Microclimatology - Radiation
653 ## - INDEX TERM--UNCONTROLLED
Uncontrolled term Radiant energy
700 ## - ADDED ENTRY--PERSONAL NAME
Personal name Unsworth, Mike H.
942 ## - ADDED ENTRY ELEMENTS (KOHA)
item type Books
Holdings
Lost status Source of classification or shelving scheme Not for loan Home library Current library Date acquired Cost, normal purchase price Total Checkouts Full call number Barcode Date last seen Date checked out Cost, replacement price Price effective from Koha item type
  Universal Decimal Classification   University Library University Library 02/02/2015 0.00 1 577.3 MON 00073301 05/02/2021 27/01/2021 0.00 02/02/2015 Books
University Library, CUSAT